Word Ladder: At the End of Lonely Street Quiz Stats

 Plays Quiz Updated Jul 11, 2015

Challenge
Share
Tweet
Embed
Score 0/31 Timer 04:00
1 Play Today
Clue 5-Letter Word % Correct
The main organ of the circulatory system♬HEART♬
99%
A bristled tool used for haircare or paintingBRUSH
95.4%
Chicago football teamBEARS
95.2%
Listened to, like a piece of musicHEARD
94.5%
Part of the body between the neck and abdomenCHEST
94.5%
To engage in fraud for personal gain, like on a testCHEAT
94.4%
ZZ Top's members are noted for theirsBEARD
93.8%
Time off during a work day♬BREAK♬
93.8%
Rye, wheat, or pumpernickel, for exampleBREAD
93.3%
Popular toothpaste brandCREST
93.2%
A specialized shoe worn in soccer or baseballCLEAT
92.5%
Soft drink brand most noted for its orange sodaCRUSH
92.2%
The top layer of a rocky planetCRUST
91.8%
Chihuahua and Great Dane are examples of this for dogsBREED
91.5%
Headphones brand co-created by Dr. DreBEATS
90.8%
Tyra Banks or Kate MossMODEL
89.8%
Clue 5-Letter Word % Correct
Morse and ASCII, for exampleCODES
89%
Insensitive, impetuous, rashBRASH
88.5%
German sausagesBRATS
88.2%
The sound a sheep makesBLEAT
88.2%
Alloy of copper and zincBRASS
87.7%
A lodge designed specifically for motoristsMOTEL
85.5%
Dickens novel '_____ House'BLEAK
85.4%
One who writes computer softwareCODER
84.7%
The numbers that appear most often in sets of dataMODES
83.7%
Where crisps and chips are cookedFRYER
81.5%
American DJ Alan who coined the term 'rock 'n roll'FREED
80.3%
A lobby or entrance areaFOYER
80.2%
More emancipatedFREER
78.8%
Radio alphabet member between golf and India♬HOTEL♬
77.4%
More shy or reluctantCOYER
75.8%

Today's Daily Dose

Missing Word
No Snow!

Word Ladder
Wild Cats

On This Day
December 16th II

You're not logged in!

Compare scores with friends on all Sporcle quizzes.
OR
Log In

You Might Also Like...

Show Comments

Extras

Top Quizzes Today


Score Distribution

Your Account Isn't Verified!

In order to create a playlist on Sporcle, you need to verify the email address you used during registration. Go to your Sporcle Settings to finish the process.

Report this User

Report this user for behavior that violates our Community Guidelines.

Details: